Yo soy los otros: (Record no. 1542)

MARC details
000 -LEADER
campo de control de longitud fija 00908nam a2200157 4500
008 - DATOS DE LONGITUD FIJA--INFORMACIÓN GENERAL
campo de control de longitud fija 759.972.86 R934y
020 ## - NÚMERO INTERNACIONAL ESTÁNDAR DEL LIBRO
Número Internacional Estándar del Libro 9879968530149
082 ## - NÚMERO DE LA CLASIFICACIÓN DECIMAL DEWEY
Número de clasificación 759.972.86
Número de ítem R934y
100 ## - ENTRADA PRINCIPAL--NOMBRE DE PERSONA
Nombre de persona Ruiz, Sofía
9 (RLIN) 6496
245 ## - MENCIÓN DEL TÍTULO
Título Yo soy los otros:
Resto del título una fisonomía propia
260 ## - PUBLICACIÓN, DISTRIBUCIÓN, ETC.
Lugar de publicación, distribución, etc. San José, C.R.
Nombre del editor, distribuidor, etc. Fundación Museos Banco Central
Fecha de publicación, distribución, etc. 2013
300 ## - DESCRIPCIÓN FÍSICA
Extensión 88 p.
Otras características físicas ill (col)
Dimensiones 11 x 8.5 cm
505 ## - NOTA DE CONTENIDO CON FORMATO
Título Presentación
-- Agradecimientos
-- Introducción
-- Acerca de la artista
-- Una fisonomía propia ¿Quién soy yo para mí? ¿Quién soy yo para los otros?
-- Más allá de lo retratado: asuntos de familia
-- Del jardín del inconsciente a los refugios mentales
-- Desde los otros
-- Más allá de lo real: la realidad
-- Una fisonomía propia
-- Sofía Ruiz
-- Catálogo de obras en exhibición
650 ## - PUNTO DE ACCESO ADICIONAL DE MATERIA--TÉRMINO DE MATERIA
Subdivisión general arte contemporáneo
-- arte - exhibiciones
-- arte - pintura
-- pintura costarricense
9 (RLIN) 6497
700 ## - ENTRADA AGREGADA--NOMBRE PERSONAL
Nombre de persona Monge Picado, María José (curadora)
9 (RLIN) 6498
Holdings
Estatus retirado Estado de pérdida Fuente del sistema de clasificación o colocación Estado de daño No para préstamo Biblioteca de origen Biblioteca actual Ubicación en estantería Fecha de adquisición Total de préstamos Signatura topográfica completa Código de barras Visto por última vez Precio de reemplazo Tipo de ítem Koha
    Clasificación Decimal Dewey     Biblioteca LadoV Biblioteca LadoV   07/07/2018   759.972.86 R934y 004705 07/07/2018 07/07/2018 Material 01